Name a Eurovision 2026 Song A-Z - Statistics

General Stats
  • This quiz has been taken 187 times
  • The average score is 15 of 18
Answer Stats
Song % Correct
F Ferto | Fire | Før Vi Går Hjem
97%
E Eclipse | Eins Zwei Drei | Ēnā
93%
M Michelle | Mother Nature | My System
91%
B Bangaranga | Bella
90%
P Paloma Rumba | Per sempre sì | Pray
90%
R Regarde ! | Ridnym | Rosa
90%
A Alice | Andromeda
89%
C Choke Me | CROSSROADS
89%
J Jalla | Just Go
89%
N Nân | Nova zora
88%
T Tanzschein | Too Epic To Be True
88%
Y Ya Ya Ya
83%
S Sólo quiero más | Superstar
82%
D Dancing on the Ice
78%
K Kraj mene
77%
V Viva, Moldova!
77%
O On Replay
76%
L Liekinheitin
71%
No matching quizzes found
Score Distribution
Percent of People with Each Score
Percentile by Number Answered
Your Score History
You have not taken this quiz